|
|
|
|
| LEADER |
02101nam a2200565 i 4500 |
| 001 |
nkc20203257868 |
| 003 |
CZ PrNK |
| 005 |
20220601131959.0 |
| 007 |
ta |
| 008 |
201012s2021 xr a f 000 0 cze |
| 015 |
|
|
|a cnb003257868
|
| 020 |
|
|
|a 978-80-7427-326-1
|q (brožováno)
|
| 035 |
|
|
|a (OCoLC)1329408197
|
| 040 |
|
|
|a BOA001
|b cze
|d ABA001
|e rda
|
| 041 |
0 |
|
|a cze
|b cze
|b eng
|
| 072 |
|
7 |
|a 631
|x Zemědělství. Pedologie. Agrotechnika. Agroekologie
|2 Konspekt
|9 24
|
| 080 |
|
|
|a 631.8
|2 MRF
|
| 080 |
|
|
|a 631.86/.87
|2 MRF
|
| 080 |
|
|
|a 636.085.53
|2 MRF
|
| 080 |
|
|
|a 631.44
|2 MRF
|
| 080 |
|
|
|a (083.744)
|2 MRF
|
| 100 |
1 |
|
|a Svoboda, Pavel,
|d 1962-
|7 uzp2010555088
|4 aut
|
| 245 |
1 |
0 |
|a Uložení hnojiv, upravených kalů a krmiv na zemědělské půdě :
|b metodika pro praxi /
|c Pavel Svoboda, Jana Wollnerová, Lada Kozlovská, Jan Klír
|
| 264 |
|
1 |
|a Praha :
|b Výzkumný ústav rostlinné výroby, v.v.i.,
|c 2021
|
| 300 |
|
|
|a 70 stran :
|b barevné ilustrace ;
|c 21 cm
|
| 336 |
|
|
|a text
|b txt
|2 rdacontent
|
| 337 |
|
|
|a bez média
|b n
|2 rdamedia
|
| 338 |
|
|
|a svazek
|b nc
|2 rdacarrier
|
| 490 |
1 |
|
|a Metodika pro praxi
|
| 504 |
|
|
|a Obsahuje bibliografii
|
| 546 |
|
|
|a České a anglické resumé
|
| 650 |
0 |
7 |
|a hnojiva
|7 ph114683
|2 czenas
|
| 650 |
0 |
7 |
|a statková hnojiva
|7 ph515804
|2 czenas
|
| 650 |
0 |
7 |
|a objemová krmiva
|7 ph123591
|2 czenas
|
| 650 |
0 |
7 |
|a zemědělská půda
|7 ph116760
|2 czenas
|
| 650 |
0 |
9 |
|a fertilizers
|2 eczenas
|
| 650 |
0 |
9 |
|a farm fertilizers
|2 eczenas
|
| 650 |
0 |
9 |
|a bulk feeds
|2 eczenas
|
| 650 |
0 |
9 |
|a agricultural soils
|2 eczenas
|
| 655 |
|
7 |
|a certifikované metodiky
|7 fd806827
|2 czenas
|
| 655 |
|
9 |
|a certified methodology
|2 eczenas
|
| 700 |
1 |
|
|a Wollnerová, Jana,
|d 1977-
|7 mzk2009496228
|4 aut
|
| 700 |
1 |
|
|a Kozlovská, Lada
|7 jo2013747546
|4 aut
|
| 700 |
1 |
|
|a Klír, Jan,
|d 1955-
|7 jo20000080433
|4 aut
|
| 810 |
2 |
|
|a Výzkumný ústav rostlinné výroby.
|t Metodika
|0 s
|
| 910 |
2 |
|
|a BOA001
|b 2-1484.529
|
| 990 |
|
|
|a BK
|
| 995 |
|
|
|a 01
|
| 991 |
|
|
|b 202205
|c NOV
|
| 996 |
6 |
|
|b 2610900227
|c 2-1484.529
|l MZK
|r Sklad / do 1 hodiny
|n 0
|p p.v.
|w 001883960
|u 000010
|a 1
|e BOA001
|j MZK50
|s P
|